000 00623nam a2200253Ia 4500
003 OSt
005 20221005121633.0
006 a|||||r|||| 00| 0
007 ta
008 221004b |||||||| |||| 00| 0 eng d
020 _a0 333 94976 5
024 _a72220
037 _cTextual
040 _aCRL
_cCRL
_beng
041 _2eng
_aeng
082 _aVi7, P2
100 _aFischer Steven Roger
_9630886
245 0 _aHistory of the Pacific Islands
260 _c2002
300 _a304p
_ccm.
650 _aHISTORY
942 _hVi7, P2
_cTEXL
_2cc
999 _c1041794
_d1041794